| 000 | 00601nam a2200193 a 4500 | ||
|---|---|---|---|
| 005 | 20230524063536.0 | ||
| 008 | 991125s1956 mx 000 0 spa u | ||
| 035 | _aUPN01000004394 | ||
| 049 | _aLT | ||
| 050 | 4 |
_aLB1589 M6.5 _bF9.3 1956 |
|
| 100 | 1 | _aFuentes A., Manuel | |
| 245 | 1 | 0 |
_aAritmética americana / _cManuel Fuentes A., Ignacio N. Peña Z. |
| 250 | _a3a ed. correg. y aum. | ||
| 260 |
_aXalapa : _bInstituto Cultural Veracruzano, _c1956. |
||
| 300 | _a332 p. | ||
| 650 | 4 |
_aAritmética _xEstudio y enseñanza (Elemental) _95289 |
|
| 700 | 1 |
_aPeña Z., Ignacio N., _ecoaut. |
|
| 905 | _aLibro | ||
| 999 |
_c4394 _d4394 |
||